[Event "SK Münster 3 - SV Kamen 1"]
[Site "NRW-Klasse - Gruppe 1 2021/20"]
[Date "2021.12.05"]
[Round "2.6"]
[White "Schroeder, Jörg"]
[Black "Kilian, Ralf"]
[Result "1/2-1/2"]
[WhiteElo "1966"]
[BlackElo "2053"]
[PlyCount "84"]
[EventDate "2021.??.??"]
[SourceVersionDate "2020.03.16"]
[WhiteTeam "SK Münster 3"]
[BlackTeam "SV Kamen 1"]

1. c4 e6 2. Nf3 Nf6 3. g3 d5 4. cxd5 exd5 5. Bg2 Be7 6. O-O O-O 7. d3 c5 8. b3
Nc6 9. Bb2 h6 10. Nbd2 Be6 11. Rc1 Qa5 12. a3 Rfd8 13. Rc2 Rac8 14. Qa1 d4 15.
Nc4 Qc7 16. b4 cxb4 17. axb4 Nxb4 18. Rcc1 b5 19. Ne3 Qd7 20. Nxd4 Rxc1 21.
Rxc1 a6 22. Nc6 Nxc6 23. Bxc6 Qa7 24. Bxb5 Bc5 25. d4 Bxd4 26. Rd1 Bb6 27.
Rxd8+ Bxd8 28. Qxa6 Qxa6 29. Bxa6 Bb6 30. Bxf6 Bxe3 31. fxe3 gxf6 32. Kf2 Kg7
33. Kf3 Bd5+ 34. Kf4 Bb3 35. Bd3 Bd5 36. Be4 Bc4 37. Bf3 Kg6 38. Ke4 Bb3 39.
Kd4 Kg7 40. Bd5 Bd1 41. Bc4 Ba4 42. Kc5 Kf8 1/2-1/2

[Event "SK Münster 3 - SV Kamen 1"]
[Site "NRW-Klasse - Gruppe 1 2021/20"]
[Date "2021.12.05"]
[Round "2.7"]
[White "Georg, Heinz"]
[Black "Wingenfeld, Klaus"]
[Result "1-0"]
[WhiteElo "2080"]
[BlackElo "1877"]
[PlyCount "63"]
[EventDate "2021.??.??"]
[SourceVersionDate "2020.03.16"]
[WhiteTeam "SV Kamen 1"]
[BlackTeam "SK Münster 3"]

1. e4 c5 2. Nf3 d6 3. Bb5+ Bd7 4. Bxd7+ Nxd7 5. O-O g6 6. c3 Ngf6 7. Re1 Bg7 8.
d4 cxd4 9. cxd4 O-O 10. Nc3 Nb6 11. b3 Rc8 12. Bb2 Re8 13. a4 e5 14. dxe5 dxe5
15. Nb5 Qxd1 16. Raxd1 Rc2 17. Bxe5 Ng4 18. Bg3 Rb2 19. Rd3 a6 20. Nc7 Rc8 21.
Nd5 Nxd5 22. exd5 h5 23. d6 Rd8 24. h3 Nf6 25. Bh4 Rc2 26. Ne5 Rc5 27. d7 Rxe5
28. Rxe5 Rxd7 29. Rxd7 Nxd7 30. Rd5 Ne5 31. Rd8+ Kh7 32. Rb8 1-0

[Event "SK Münster 3 - SV Kamen 1"]
[Site "NRW-Klasse - Gruppe 1 2021/20"]
[Date "2021.12.05"]
[Round "2.8"]
[White "Meyer, Ulrich"]
[Black "Koch, Marcel"]
[Result "0-1"]
[WhiteElo "1879"]
[BlackElo "1893"]
[PlyCount "62"]
[EventDate "2021.??.??"]
[SourceVersionDate "2020.03.16"]
[WhiteTeam "SK Münster 3"]
[BlackTeam "SV Kamen 1"]

1. e4 d5 2. exd5 Qxd5 3. Nc3 Qa5 4. Bc4 Nf6 5. d3 c6 6. Bd2 Bf5 7. Nd5 Qd8 8.
Nxf6+ gxf6 9. Qf3 e6 10. g4 Bg6 11. Bc3 Nd7 12. Ne2 Ne5 13. Bxe5 fxe5 14. Ng3
Qc7 15. h4 h6 16. O-O-O O-O-O 17. Rde1 Kb8 18. Ne4 Bxe4 19. Rxe4 Bg7 20. Ree1
Rd4 21. Re4 Rhd8 22. g5 Qe7 23. Rg1 hxg5 24. hxg5 Rxe4 25. Qxe4 Rh8 26. f4 Rh4
27. Qe1 Rxf4 28. Kb1 Qc5 29. g6 f5 30. Bxe6 e4 31. Qg3 Qe5 0-1

[Event "SC Porta Westfalica  1 - SF Brackel 2"]
[Site "NRW-Klasse - Gruppe 1 2021/20"]
[Date "2021.12.05"]
[Round "2.1"]
[White "Stemmler, Fabian"]
[Black "Adiyaman, Rene"]
[Result "1-0"]
[WhiteElo "2090"]
[BlackElo "2091"]
[PlyCount "109"]
[EventDate "2021.??.??"]
[SourceVersionDate "2020.03.16"]
[WhiteTeam "SF Brackel 2"]
[BlackTeam "SC Porta Westfalica  1"]

1. d4 d6 2. e4 Nf6 3. Nc3 Nbd7 4. Nf3 e5 5. Bc4 h6 6. O-O Be7 7. h3 c6 8. Qe2
Qc7 9. a4 a5 10. Rd1 Nf8 11. dxe5 dxe5 12. Nh4 g6 13. Be3 Be6 14. Bxe6 Nxe6 15.
Qc4 Ng4 16. Nxg6 Nxe3 17. fxe3 Rg8 18. Nxe7 Qxe7 19. Qf1 Qh4 20. Kh1 Rg3 21.
Qf5 Rg5 22. Qf6 Qg3 23. Rd2 Rd8 24. Rxd8+ Nxd8 25. Qf3 Qxf3 26. gxf3 Rg3 27.
Rf1 Rxh3+ 28. Kg2 Rh5 29. Ne2 Rg5+ 30. Ng3 Ne6 31. Rh1 Rg6 32. Kf2 Ng7 33. f4
Ke7 34. Nf5+ Nxf5 35. exf5 Rf6 36. e4 exf4 37. Kf3 Rd6 38. Rh2 Rd1 39. Kxf4
Rf1+ 40. Ke3 Re1+ 41. Kd4 Rd1+ 42. Kc5 Re1 43. Kb6 Rxe4 44. b3 Re5 45. Rxh6
Rxf5 46. Kxb7 Rf2 47. Rxc6 f5 48. Kb6 f4 49. Kxa5 f3 50. Rc3 Kd6 51. b4 Kd5 52.
b5 Kd4 53. Rb3 Ke4 54. b6 Rg2 55. Rxf3 1-0

[Event "SC Porta Westfalica  1 - SF Brackel 2"]
[Site "NRW-Klasse - Gruppe 1 2021/20"]
[Date "2021.12.05"]
[Round "2.2"]
[White "Liebelt, Jannik"]
[Black "Gerlach, Felix"]
[Result "1-0"]
[WhiteElo "2026"]
[BlackElo "2104"]
[PlyCount "137"]
[EventDate "2021.??.??"]
[SourceVersionDate "2020.03.16"]
[WhiteTeam "SC Porta Westfalica  1"]
[BlackTeam "SF Brackel 2"]

1. e4 c5 2. Nf3 g6 3. d4 cxd4 4. Nxd4 Bg7 5. c4 Nc6 6. Be3 Nf6 7. Nc3 Ng4 8.
Qxg4 Nxd4 9. Qd1 Ne6 10. Qd2 Qa5 11. Rc1 b6 12. Bd3 Bb7 13. Bb1 d6 14. O-O g5
15. f3 h5 16. Rf2 h4 17. Nd5 Qxd2 18. Rxd2 Be5 19. b4 f6 20. Bc2 Kf7 21. Bb3
Rhc8 22. Rcc2 Kf8 23. Ba4 Rd8 24. Rd1 Rac8 25. Bf2 Bc6 26. Bb3 Bb7 27. a4 Nc7
28. Ra2 Bxd5 29. exd5 Bc3 30. a5 Bxb4 31. axb6 axb6 32. Bxb6 Bc5+ 33. Bxc5 dxc5
34. Ra7 Ne8 35. Re1 Rc7 36. Rea1 Rxa7 37. Rxa7 Rb8 38. Bc2 Rb4 39. Ra8 Kf7 40.
Bd3 Nd6 41. Ra5 Rb3 42. Bf1 Nb7 43. Rb5 Rb4 44. Kf2 e6 45. Ke3 Rxb5 46. dxe6+
Kxe6 47. cxb5 Kd5 48. Bd3 Nd6 49. Be4+ Nxe4 50. fxe4+ Kd6 51. Kd3 Ke5 52. Kc4
Kxe4 53. b6 Ke3 54. b7 Kf2 55. g4 Kf3 56. b8=Q Kxg4 57. Qc8+ Kf4 58. Qh3 f5 59.
Kxc5 Ke4 60. Qg2+ Kf4 61. Kd4 g4 62. Qf2+ Kg5 63. Ke5 g3 64. Qxf5+ Kh6 65. hxg3
hxg3 66. Qh3+ Kg5 67. Qxg3+ Kh5 68. Kf6 Kh6 69. Qh3# 1-0

[Event "SC Porta Westfalica  1 - SF Brackel 2"]
[Site "NRW-Klasse - Gruppe 1 2021/20"]
[Date "2021.12.05"]
[Round "2.3"]
[White "Garbuz, Vitaliy"]
[Black "Kirnos, Evgeni"]
[Result "1-0"]
[WhiteElo "2106"]
[BlackElo "2190"]
[PlyCount "137"]
[EventDate "2021.??.??"]
[SourceVersionDate "2020.03.16"]
[WhiteTeam "SF Brackel 2"]
[BlackTeam "SC Porta Westfalica  1"]

1. e4 e5 2. Nf3 d6 3. Bc4 Be7 4. Nc3 Nf6 5. O-O O-O 6. Re1 c6 7. Bf1 Re8 8. d4
Nbd7 9. a4 Qc7 10. b3 Nf8 11. h3 Ng6 12. g3 Bd7 13. Bb2 Rad8 14. Qd2 Bc8 15.
Rad1 Bf8 16. Qc1 a6 17. Qa1 b5 18. axb5 axb5 19. dxe5 dxe5 20. Rxd8 Rxd8 21.
Rd1 Rxd1 22. Qxd1 h6 23. Qd3 Nd7 24. h4 Nc5 25. Qe3 Ne6 26. h5 Bc5 27. Qd2 Ngf8
28. Ne2 f6 29. Nc1 Nh7 30. Nd3 Nhg5 31. Nxg5 Nxg5 32. Bg2 Bf8 33. Qe3 Bg4 34.
f4 exf4 35. gxf4 Nf7 36. Qg3 Bxh5 37. Bxf6 c5 38. Kh1 c4 39. Nb4 cxb3 40. cxb3
Kh8 41. Nd5 Qc1+ 42. Kh2 Nd6 43. Be5 Nf7 44. Bf6 Nd6 45. Qh4 Qd1 46. Be7 Bxe7
47. Qxe7 Ne8 48. e5 Qg4 49. Qf8+ Kh7 50. Be4+ Bg6 51. Bxg6+ Qxg6 52. f5 Qh5+
53. Kg3 Qg5+ 54. Kf3 Qh5+ 55. Ke4 Qh4+ 56. Nf4 Qh1+ 57. Kd4 Qa1+ 58. Kd5 Nc7+
59. Kc6 Qc1+ 60. Qc5 Qxf4 61. Kxc7 Qxf5 62. Qd6 b4 63. e6 Qa5+ 64. Kc8 Kg6 65.
Qd7 Qa8+ 66. Kc7 Qa5+ 67. Kb7 Qe5 68. e7 Qe4+ 69. Qc6+ 1-0

[Event "SC Porta Westfalica  1 - SF Brackel 2"]
[Site "NRW-Klasse - Gruppe 1 2021/20"]
[Date "2021.12.05"]
[Round "2.5"]
[White "Seref, Erdogan"]
[Black "Roos, Jonas"]
[Result "1-0"]
[WhiteElo "1985"]
[BlackElo "1868"]
[PlyCount "85"]
[EventDate "2021.??.??"]
[SourceVersionDate "2020.03.16"]
[WhiteTeam "SF Brackel 2"]
[BlackTeam "SC Porta Westfalica  1"]

1. c4 Nf6 2. Nf3 e6 3. g3 b6 4. Bg2 Bb7 5. O-O g6 6. b3 Bg7 7. Bb2 O-O 8. d3 c5
9. Nbd2 d6 10. Qc2 Nbd7 11. Rad1 Qc7 12. Rfe1 d5 13. cxd5 Bxd5 14. e4 Bb7 15.
Nc4 b5 16. Ne3 Rac8 17. Qb1 Rfd8 18. Qa1 h5 19. Ng5 e5 20. Rf1 Nh7 21. Nh3 Qd6
22. Kh1 f6 23. Ng1 Nb6 24. f4 Qe7 25. fxe5 fxe5 26. Nf3 Re8 27. Bh3 Rcd8 28.
Nh4 Qd6 29. a4 bxa4 30. bxa4 a5 31. Qa2+ Kh8 32. Qf7 Ng5 33. Qxb7 Nxh3 34. Nhf5
gxf5 35. Nxf5 Qg6 36. Nxg7 Qxg7 37. Rf7 Qg6 38. Rdf1 Nd7 39. Rxd7 Rb8 40. Bxe5+
Rxe5 41. Qxb8+ Re8 42. Rf8+ Rxf8 43. Qxf8+ 1-0

[Event "SC Porta Westfalica  1 - SF Brackel 2"]
[Site "NRW-Klasse - Gruppe 1 2021/20"]
[Date "2021.12.05"]
[Round "2.6"]
[White "Sergeev, Valeri"]
[Black "Schäde, Maximilian"]
[Result "0-1"]
[WhiteElo "1849"]
[BlackElo "1743"]
[PlyCount "56"]
[EventDate "2021.??.??"]
[SourceVersionDate "2020.03.16"]
[WhiteTeam "SC Porta Westfalica  1"]
[BlackTeam "SF Brackel 2"]

1. d4 d5 2. Bf4 Nf6 3. e3 e6 4. Nd2 c5 5. c3 cxd4 6. exd4 Nc6 7. Bd3 g6 8. h3
Nh5 9. Bh2 Bd6 10. Bxd6 Qxd6 11. Ne2 O-O 12. Nf3 f6 13. O-O e5 14. dxe5 fxe5
15. Bc2 Bxh3 16. Bb3 Rad8 17. Nxe5 Nxe5 18. f4 Bg4 19. fxe5 Qxe5 20. Rxf8+ Kxf8
21. Qf1+ Kg7 22. Nd4 Rf8 23. Qe1 Qg5 24. Bd1 Bh3 25. Ne6+ Bxe6 26. Bxh5 Bh3 27.
Bf3 Rxf3 28. Qe2 Rg3 0-1

[Event "SC Porta Westfalica  1 - SF Brackel 2"]
[Site "NRW-Klasse - Gruppe 1 2021/20"]
[Date "2021.12.05"]
[Round "2.7"]
[White "Althoff, Ralph"]
[Black "Mohme, Rolf"]
[Result "1-0"]
[WhiteElo "1971"]
[BlackElo "1703"]
[PlyCount "41"]
[EventDate "2021.??.??"]
[SourceVersionDate "2020.03.16"]
[WhiteTeam "SF Brackel 2"]
[BlackTeam "SC Porta Westfalica  1"]

1. d4 d6 2. Nf3 Nf6 3. g3 c6 4. Bg2 Qa5+ 5. Nbd2 e5 6. dxe5 dxe5 7. O-O Nbd7 8.
a4 e4 9. Nd4 Qd5 10. c3 Bc5 11. Qc2 Bxd4 12. cxd4 Qxd4 13. Nxe4 Nxe4 14. Bxe4
Nf6 15. Bxc6+ Ke7 16. Be3 Qe5 17. Bc5+ Ke6 18. Bg2 Nd7 19. Qc4+ Kf5 20. Qxf7+
Nf6 21. Bh3+ 1-0

[Event "SC Porta Westfalica  1 - SF Brackel 2"]
[Site "NRW-Klasse - Gruppe 1 2021/20"]
[Date "2021.12.05"]
[Round "2.8"]
[White "Hövert, Kai"]
[Black "Seref, Serkan"]
[Result "1-0"]
[WhiteElo "1697"]
[BlackElo "1705"]
[PlyCount "45"]
[EventDate "2021.??.??"]
[SourceVersionDate "2020.03.16"]
[WhiteTeam "SC Porta Westfalica  1"]
[BlackTeam "SF Brackel 2"]

1. e4 c5 2. Ne2 Nc6 3. c4 e5 4. Nbc3 g6 5. d3 Bg7 6. g3 Nge7 7. Bg2 O-O 8. O-O
d6 9. f4 f5 10. Be3 Nd4 11. Qd2 Rb8 12. Rf2 a6 13. fxe5 dxe5 14. exf5 Nexf5 15.
Bg5 Qa5 16. Bd5+ Kh8 17. Raf1 Be6 18. g4 Nxe2+ 19. Qxe2 Nd4 20. Rxf8+ Rxf8 21.
Rxf8+ Bxf8 22. Qxe5+ Bg7 23. Qb8+ 1-0

[Event "SF Brackel 2 - Gütersloher SV 1"]
[Site "NRW-Klasse - Gruppe 1 2021/20"]
[Date "2021.12.19"]
[Round "3.1"]
[White "Plaßmann, Dominik"]
[Black "Gerlach, Felix"]
[Result "1-0"]
[WhiteElo "2129"]
[BlackElo "2104"]
[PlyCount "41"]
[EventDate "2021.??.??"]
[SourceVersionDate "2020.03.16"]
[WhiteTeam "Gütersloher SV 1"]
[BlackTeam "SF Brackel 2"]

1. e4 c5 2. d4 cxd4 3. c3 d3 4. Bxd3 Nc6 5. c4 d6 6. h3 g6 7. Nf3 Bg7 8. O-O
Nf6 9. Nc3 O-O 10. Be3 b6 11. Rc1 Bb7 12. b3 Rc8 13. Qd2 Nd7 14. Bb1 Nc5 15.
Rfd1 Qc7 16. Nd5 Qb8 17. b4 Na4 18. b5 Na5 19. Nxe7+ Kh8 20. Nxc8 Rxc8 21. Bd4
1-0

[Event "SF Brackel 2 - Gütersloher SV 1"]
[Site "NRW-Klasse - Gruppe 1 2021/20"]
[Date "2021.12.19"]
[Round "3.2"]
[White "Kracht, Raphael"]
[Black "Asani, Baskim"]
[Result "1-0"]
[WhiteElo "2200"]
[BlackElo "1961"]
[PlyCount "53"]
[EventDate "2021.??.??"]
[SourceVersionDate "2020.03.16"]
[WhiteTeam "SF Brackel 2"]
[BlackTeam "Gütersloher SV 1"]

1. e4 e6 2. d4 d5 3. Nd2 dxe4 4. Nxe4 Bd7 5. Nf3 Bc6 6. Bd3 Nf6 7. Nxf6+ Qxf6
8. Bg5 Bxf3 9. Qd2 Bxg2 10. Bxf6 Bxh1 11. Be5 Nc6 12. Bxc7 Bd5 13. Kf1 Rc8 14.
Qf4 Ne7 15. c4 Bc6 16. Re1 Ng6 17. Bxg6 hxg6 18. d5 Bd7 19. d6 Rh5 20. Re5 Rxc7
21. Rxh5 Rxc4 22. Qxc4 gxh5 23. Qc7 f6 24. Kg1 Bc6 25. Qc8+ Kf7 26. d7 Be7 27.
Qe8# 1-0

[Event "SF Brackel 2 - Gütersloher SV 1"]
[Site "NRW-Klasse - Gruppe 1 2021/20"]
[Date "2021.12.19"]
[Round "3.3"]
[White "Wulfhorst, Noah"]
[Black "Garbuz, Vitaliy"]
[Result "0-1"]
[WhiteElo "1973"]
[BlackElo "2106"]
[PlyCount "92"]
[EventDate "2021.??.??"]
[SourceVersionDate "2020.03.16"]
[WhiteTeam "Gütersloher SV 1"]
[BlackTeam "SF Brackel 2"]

1. Nf3 d5 2. g3 Nf6 3. Bg2 e6 4. c4 Be7 5. O-O O-O 6. b3 b6 7. Bb2 Bb7 8. d4
Nbd7 9. Nbd2 c5 10. Rc1 Rc8 11. e3 Rc7 12. Qe2 dxc4 13. Nxc4 Qa8 14. Rfd1 Rfc8
15. dxc5 Bxc5 16. Nce5 Nxe5 17. Bxe5 Bd6 18. Rxc7 Bxc7 19. Rc1 Bxe5 20. Rxc8+
Qxc8 21. Nxe5 Bxg2 22. Kxg2 Qc3 23. Qc4 Qxc4 24. Nxc4 Kf8 25. Kf3 Ke7 26. e4
Nd7 27. Ke3 Nb8 28. Na3 Nc6 29. Nb5 f6 30. Ke2 Kd7 31. h3 a6 32. Nc3 Kd6 33.
Kd3 b5 34. Ke3 Kc5 35. Kd3 Ne5+ 36. Ke3 Kb4 37. Nb1 a5 38. f4 Nd7 39. Kd4 Nb8
40. Ke3 e5 41. g4 Nd7 42. h4 Nc5 43. g5 Nxb3 44. axb3 Kxb3 45. Nd2+ Kc3 46.
fxe5 fxe5 0-1

[Event "SF Brackel 2 - Gütersloher SV 1"]
[Site "NRW-Klasse - Gruppe 1 2021/20"]
[Date "2021.12.19"]
[Round "3.4"]
[White "Elier, Ali"]
[Black "Lueckner, Andreas"]
[Result "1-0"]
[WhiteElo "2131"]
[BlackElo "1941"]
[PlyCount "91"]
[EventDate "2021.??.??"]
[SourceVersionDate "2020.03.16"]
[WhiteTeam "SF Brackel 2"]
[BlackTeam "Gütersloher SV 1"]

1. e4 c5 2. d4 cxd4 3. c3 d5 4. exd5 Qxd5 5. Nf3 Nc6 6. cxd4 e5 7. Nc3 Bb4 8.
Bd2 Bxc3 9. Bxc3 e4 10. Ne5 Nxe5 11. dxe5 Ne7 12. Qc2 Bf5 13. Rd1 e3 14. Rxd5
Bxc2 15. Bb5+ Nc6 16. f3 O-O 17. Ke2 Rfd8 18. Bxc6 bxc6 19. Rxd8+ Rxd8 20. Kxe3
Bf5 21. Bd4 Be6 22. Rc1 Rc8 23. b3 a5 24. Bb6 Kf8 25. Bxa5 Ra8 26. Rc5 Ke8 27.
Kd4 Kd7 28. Kc3 Bd5 29. Kb2 Re8 30. Bc3 f6 31. Ra5 Ke6 32. Ra7 Rg8 33. exf6
gxf6 34. g3 h5 35. f4 h4 36. Be1 hxg3 37. Bxg3 Re8 38. Kc3 Kf5 39. Rb7 Re2 40.
a4 Re3+ 41. Kb2 Re2+ 42. Ka3 Ke6 43. a5 f5 44. a6 c5 45. Rb8 Kd6 46. a7 1-0

[Event "SF Brackel 2 - Gütersloher SV 1"]
[Site "NRW-Klasse - Gruppe 1 2021/20"]
[Date "2021.12.19"]
[Round "3.5"]
[White "Neumann, Theodor"]
[Black "Kartsev, Nikolay"]
[Result "1-0"]
[WhiteElo "1917"]
[BlackElo "2086"]
[Annotator "daniel"]
[PlyCount "135"]
[EventDate "2021.??.??"]
[SourceVersionDate "2020.03.16"]
[WhiteTeam "Gütersloher SV 1"]
[BlackTeam "SF Brackel 2"]

1. e4 c5 2. Nc3 Nc6 3. f4 g6 4. Nf3 Bg7 5. Bb5 Nh6 6. Bxc6 bxc6 7. d3 f5 8. e5
O-O 9. O-O d6 10. Qe2 Qb6 11. Na4 Qa5 12. b3 Nf7 13. Bb2 d5 14. Ba3 Nd8 15.
Bxc5 Ne6 16. Be3 c5 17. Qf2 d4 18. Bd2 Qc7 19. Nb2 Bb7 20. Nc4 Bd5 21. a4 Rab8
22. a5 Rb5 23. Ra3 a6 24. Nb6 Bc6 25. Bc1 g5 26. fxg5 f4 27. h4 Rf5 28. Re1 Qb8
29. Bd2 Qe8 30. c3 dxc3 31. Bxc3 Qh5 32. d4 Bxf3 33. Qxf3 Qxf3 34. gxf3 cxd4
35. Bd2 Rfxe5 36. b4 Rxe1+ 37. Bxe1 Nf8 38. Nc4 Ng6 39. Rd3 e5 40. Nd6 Rb8 41.
h5 Bf8 42. Ne4 Nh8 43. Nf6+ Kg7 44. h6+ Kg6 45. Nd7 Re8 46. b5 Bd6 47. Nf6 Rc8
48. b6 Nf7 49. Rb3 Nxg5 50. b7 Rd8 51. Rb6 Bb8 52. Ne4+ Kh5 $11 53. Nxg5 Rg8
54. Kf1 Rxg5 55. Rxa6 e4 56. Ra8 Bd6 57. fxe4 d3 58. b8=Q Bxb8 59. Rxb8 Kg4 60.
a6 Kf3 61. a7 Rh5 62. Rg8 Rh1+ 63. Rg1 Rxg1+ 64. Kxg1 Ke2 65. a8=Q Kxe1 66.
Qa1+ Ke2 67. Qf1+ Ke3 68. e5 1-0

[Event "SF Brackel 2 - Gütersloher SV 1"]
[Site "NRW-Klasse - Gruppe 1 2021/20"]
[Date "2021.12.19"]
[Round "3.6"]
[White "Bartelt, Max Peter"]
[Black "Grochtmann, Stephan"]
[Result "1-0"]
[WhiteElo "1984"]
[BlackElo "2007"]
[PlyCount "85"]
[EventDate "2021.??.??"]
[SourceVersionDate "2020.03.16"]
[WhiteTeam "SF Brackel 2"]
[BlackTeam "Gütersloher SV 1"]

1. d4 d5 2. Bg5 h6 3. Bh4 c6 4. e3 Qb6 5. Qc1 e5 6. c3 e4 7. Nd2 Bf5 8. f3 Nd7
9. fxe4 dxe4 10. Nc4 Qc7 11. Bg3 Qd8 12. Ne2 Ngf6 13. Nd6+ Bxd6 14. Bxd6 Nb6
15. Be5 O-O 16. Ng3 Be6 17. Bxf6 Qxf6 18. Nxe4 Qh4+ 19. Nf2 Rfe8 20. g3 Qe7 21.
Bd3 Bc4 22. Bxc4 Qxe3+ 23. Qxe3 Rxe3+ 24. Be2 Rae8 25. O-O-O Rxe2 26. Nd3 R8e3
27. Nb4 Rg2 28. Rd2 Rxd2 29. Kxd2 Nc4+ 30. Kc2 a5 31. Nd3 Re2+ 32. Kb3 b5 33.
Rd1 Rxh2 34. a4 Kf8 35. d5 cxd5 36. axb5 Ke7 37. Ka4 Kd6 38. b6 Nxb2+ 39. Nxb2
Rxb2 40. c4 Kc6 41. cxd5+ Kxb6 42. d6 Rb4+ 43. Ka3 1-0

[Event "SF Brackel 2 - Gütersloher SV 1"]
[Site "NRW-Klasse - Gruppe 1 2021/20"]
[Date "2021.12.19"]
[Round "3.7"]
[White "Borchmann, Thorsten"]
[Black "Seref, Erdogan"]
[Result "0-1"]
[WhiteElo "1660"]
[BlackElo "1985"]
[PlyCount "112"]
[EventDate "2021.??.??"]
[SourceVersionDate "2020.03.16"]
[WhiteTeam "Gütersloher SV 1"]
[BlackTeam "SF Brackel 2"]

1. e4 e5 2. Nf3 Nc6 3. Bc4 Bc5 4. c3 Nf6 5. d3 d6 6. Bb3 a6 7. Bg5 h6 8. Be3
Bxe3 9. fxe3 O-O 10. Nbd2 Ne7 11. Nf1 Ng6 12. Ng3 c6 13. O-O d5 14. exd5 cxd5
15. Qe2 a5 16. a3 a4 17. Ba2 Qb6 18. h3 Bd7 19. Rf2 Qa6 20. Rd1 Bb5 21. Bb1
Rad8 22. Qd2 Qb6 23. d4 e4 24. Ne1 Bc4 25. Qc1 h5 26. Nc2 h4 27. Ne2 Nh5 28.
Nb4 Ng3 29. Nxg3 hxg3 30. Rf5 Qe6 31. Rg5 Qd6 32. Rd2 f5 33. Qe1 f4 34. exf4
Nxf4 35. Qxg3 Ne2+ 36. Rxe2 Qxg3 37. Rxg3 Bxe2 38. Bc2 Rf1+ 39. Kh2 Bd1 40.
Bxd1 Rxd1 41. Rg5 Re8 42. Nxd5 Kf7 43. Kg3 e3 44. Nf4 e2 45. Rf5+ Kg8 46. Nxe2
Rxe2 47. Rb5 Rdd2 48. Rxb7 Rxb2 49. Rxb2 Rxb2 50. Kf4 Kf7 51. Ke5 Ke7 52. Kd5
Kd7 53. c4 Rb3 54. c5 Rxa3 55. Kc4 Ra1 56. g4 Rb1 0-1

[Event "SF Brackel 2 - Gütersloher SV 1"]
[Site "NRW-Klasse - Gruppe 1 2021/20"]
[Date "2021.12.19"]
[Round "3.8"]
[White "Slanina, Aaron"]
[Black "Kuehn von Burgsdorff, Johannes"]
[Result "1-0"]
[WhiteElo "1936"]
[BlackElo "1702"]
[PlyCount "81"]
[EventDate "2021.??.??"]
[SourceVersionDate "2020.03.16"]
[WhiteTeam "SF Brackel 2"]
[BlackTeam "Gütersloher SV 1"]

1. e4 e5 2. Nf3 Nc6 3. Bb5 Nf6 4. d3 Bc5 5. O-O Nd4 6. Nxd4 Bxd4 7. c3 Bb6 8.
Nd2 c6 9. Ba4 d6 10. h3 O-O 11. Re1 Re8 12. Nf1 h6 13. Ng3 Nh7 14. Be3 Ng5 15.
d4 Qf6 16. Qd3 Rd8 17. Bc2 Be6 18. Rad1 Bc7 19. Kh1 Nh7 20. Rf1 g5 21. Qe2 g4
22. Nf5 Bxf5 23. exf5 gxh3 24. Qg4+ Kf8 25. Qxh3 Ng5 26. Qh5 Ke7 27. dxe5 dxe5
28. Qh4 b6 29. f4 exf4 30. Bd4 Rxd4 31. Rxd4 c5 32. Re1+ Kf8 33. Rd7 Bd8 34.
Bb3 c4 35. Bxc4 Rc8 36. Bb3 f3 37. gxf3 Qc6 38. Rd5 Kg7 39. f4 Nh7 40. Qg3+ Kf8
41. Qg2 1-0

[Event "SV Kamen 1 - SK Werther 1"]
[Site "NRW-Klasse - Gruppe 1 2021/20"]
[Date "2021.12.19"]
[Round "3.1"]
[White "Haskenhoff, Jan"]
[Black "Luetke, Jens"]
[Result "1-0"]
[WhiteElo "2229"]
[BlackElo "2205"]
[PlyCount "53"]
[EventDate "2021.??.??"]
[SourceVersionDate "2020.03.16"]
[WhiteTeam "SK Werther 1"]
[BlackTeam "SV Kamen 1"]

1. e4 c5 2. Nf3 d6 3. d4 cxd4 4. Qxd4 Nc6 5. Bb5 Bd7 6. Qd3 Nf6 7. c4 a6 8.
Bxc6 Bxc6 9. Nc3 b5 10. cxb5 axb5 11. Nd4 Bd7 12. Ndxb5 g6 13. O-O Bg7 14. Be3
O-O 15. h3 Qb8 16. a4 Rc8 17. Bd4 Be6 18. Qe3 Bc4 19. Rfd1 Ra6 20. e5 dxe5 21.
Bxe5 Qb7 22. Rd2 Ne4 23. Nxe4 Bxe5 24. Nc5 Rxc5 25. Qxc5 Qxb5 26. Qxb5 Bxb5 27.
Re1 1-0

[Event "SV Kamen 1 - SK Werther 1"]
[Site "NRW-Klasse - Gruppe 1 2021/20"]
[Date "2021.12.19"]
[Round "3.2"]
[White "Himmel, Hansjoerg"]
[Black "Suchland, Marko"]
[Result "1-0"]
[WhiteElo "2226"]
[BlackElo "2170"]
[PlyCount "73"]
[EventDate "2021.??.??"]
[SourceVersionDate "2020.03.16"]
[WhiteTeam "SV Kamen 1"]
[BlackTeam "SK Werther 1"]

1. d4 d5 2. Nf3 Nf6 3. Bf4 e6 4. e3 Bd6 5. Bg3 O-O 6. Nbd2 c5 7. c3 Qc7 8. Bd3
Nbd7 9. Qe2 e5 10. dxe5 Nxe5 11. Nxe5 Bxe5 12. Nf3 Bxg3 13. hxg3 h6 14. Qc2 Re8
15. Rh4 Bd7 16. Kf1 Rac8 17. Rc1 Qd8 18. Rd1 Qe7 19. Bf5 Rcd8 20. Bxd7 Rxd7 21.
c4 Red8 22. cxd5 Nxd5 23. Kg1 b6 24. a3 Nf6 25. Re1 h5 26. e4 g6 27. Rf4 Ng4
28. e5 Rd5 29. Rfe4 a5 30. R4e2 Nh6 31. e6 Nf5 32. exf7+ Qxf7 33. Re6 Kg7 34.
Rxb6 Nd4 35. Qe4 R5d7 36. Ne5 Qf5 37. Rxg6+ 1-0

[Event "SV Kamen 1 - SK Werther 1"]
[Site "NRW-Klasse - Gruppe 1 2021/20"]
[Date "2021.12.19"]
[Round "3.3"]
[White "Freiberger, Jonas"]
[Black "Weidemann, Christian"]
[Result "1/2-1/2"]
[WhiteElo "2155"]
[BlackElo "2231"]
[PlyCount "75"]
[EventDate "2021.??.??"]
[SourceVersionDate "2020.03.16"]
[WhiteTeam "SK Werther 1"]
[BlackTeam "SV Kamen 1"]

1. b4 c6 2. Bb2 a5 3. b5 cxb5 4. e4 b4 5. a3 Na6 6. axb4 axb4 7. Nf3 Nf6 8. e5
Nd5 9. c4 bxc3 10. Nxc3 Ndc7 11. d4 e6 12. Bd3 d5 13. O-O Be7 14. Ba3 O-O 15.
h4 f5 16. Qb3 Rf7 17. Bxe7 Rxe7 18. Qb6 Qe8 19. Rfb1 h6 20. Nb5 Nxb5 21. Bxb5
Bd7 22. Bxa6 bxa6 23. Rxa6 Rxa6 24. Qxa6 Qf7 25. Ne1 f4 26. Nf3 Be8 27. Rb8 Kh7
28. Qd3+ Qg6 29. Qa3 Qf7 30. h5 Ra7 31. Qd3+ Kg8 32. Qg6 Qxg6 33. hxg6 Kf8 34.
Kh2 Ke7 35. Nh4 Ra4 36. Rb7+ Kf8 37. Rb6 Ke7 38. Rb7+ 1/2-1/2

[Event "SV Kamen 1 - SK Werther 1"]
[Site "NRW-Klasse - Gruppe 1 2021/20"]
[Date "2021.12.19"]
[Round "3.4"]
[White "Kleinegger, Frank"]
[Black "Goecke, Karl Ulrich"]
[Result "0-1"]
[WhiteElo "2088"]
[BlackElo "2129"]
[PlyCount "106"]
[EventDate "2021.??.??"]
[SourceVersionDate "2020.03.16"]
[WhiteTeam "SV Kamen 1"]
[BlackTeam "SK Werther 1"]

1. Nf3 f5 2. d3 d6 3. e4 e5 4. Nc3 Nc6 5. Bg5 Be7 6. Bxe7 Ngxe7 7. Qd2 O-O 8.
O-O-O Kh8 9. h4 fxe4 10. dxe4 Bg4 11. Ng5 Bxd1 12. Qxd1 Nd4 13. Qh5 h6 14. Nf7+
Rxf7 15. Qxf7 Qf8 16. Qxf8+ Rxf8 17. Nd1 g6 18. c3 Ne6 19. f3 a5 20. Ne3 Kg7
21. Bc4 Nc5 22. b4 Na4 23. Kc2 Ra8 24. Kb3 axb4 25. cxb4 Nb6 26. Rc1 Nc6 27.
Nd5 Nd4+ 28. Kb2 Na4+ 29. Kb1 c6 30. Nc7 Rc8 31. Ne6+ Kf6 32. Nxd4 exd4 33. Bd3
c5 34. bxc5 dxc5 35. f4 Nc3+ 36. Kb2 c4 37. e5+ Kg7 38. Bc2 Ne2 39. Rd1 Rd8 40.
f5 gxf5 41. Bxf5 Rd5 42. Be6 Rc5 43. Rf1 b5 44. Rf7+ Kg6 45. Rf6+ Kh5 46. Bf7+
Kxh4 47. e6 c3+ 48. Kc2 d3+ 49. Kxd3 c2 50. e7 c1=Q 51. e8=Q Qc3+ 52. Kxe2 Re5+
53. Kf2 Qe3+ 0-1

[Event "SV Kamen 1 - SK Werther 1"]
[Site "NRW-Klasse - Gruppe 1 2021/20"]
[Date "2021.12.19"]
[Round "3.5"]
[White "Henkemeier, Markus"]
[Black "Seepe, Udo"]
[Result "1/2-1/2"]
[WhiteElo "2007"]
[BlackElo "2019"]
[PlyCount "24"]
[EventDate "2021.??.??"]
[SourceVersionDate "2020.03.16"]
[WhiteTeam "SK Werther 1"]
[BlackTeam "SV Kamen 1"]

1. d4 d5 2. Bf4 Nf6 3. e3 e6 4. c3 Be7 5. Nd2 b6 6. Bd3 Bb7 7. h3 c5 8. Ngf3
Nc6 9. O-O O-O 10. Qe2 Re8 11. Rac1 Rc8 12. Rfd1 Bd6 1/2-1/2